000 00538nam a22001817a 4500
003 CEME
005 20210628210619.0
008 210210b xxu||||| |||| 00| 0 eng d
020 _a0-471-12678-0
040 _c.
082 _a973.89092 JEF
100 _aJeffers, H.Paul
_980174
245 _aColonel roosevelt theodoer roosevelt goes to war, 1897-1898
260 _aNEW YORK
_bJOHN WILEY
_c1996
300 _a315P
650 _aROOSEVELT, THEODORE, 1858-1919-MILITARY LEADERSHIP SPANISH AMERICAN WAR, 1898
_980175
942 _cBK
_2ddc
999 _c585139
_d585139